LEADER 00728nam0 2200241 450 001 000021551 005 20090115104039.0 100 $a20090115d1966----km-y0itay50------ba 101 0 $aeng 102 $aGB 105 $ay-------001yy 200 1 $a<>thermodynamics of fluids$fJ. Lockey 210 $aLondon$cHeinemann$d1966 215 $aXIII, 362 p.$d23 cm 500 10$a<>thermodynamics of fluids$946650 610 1 $aTermodinamica applicata 676 $a621.4021$v20$9Termodinamica applicata 700 1$aLockey,$bJ.$0632781 801 0$aIT$bUNIPARTHENOPE$c20090115$gRICA$2UNIMARC 912 $a000021551 951 $aG 536.7/1$bs. i.$cDSA$d2009 996 $aThermodynamics of fluids$946650 997 $aUNIPARTHENOPE LEADER 01855nam 2200565 a 450 001 9910453829403321 005 20200520144314.0 010 $a0-8070-9736-5 035 $a(CKB)1000000000541951 035 $a(OCoLC)646769159 035 $a(CaPaEBR)ebrary10256088 035 $a(SSID)ssj0000206989 035 $a(PQKBManifestationID)11199718 035 $a(PQKBTitleCode)TC0000206989 035 $a(PQKBWorkID)10235614 035 $a(PQKB)10425836 035 $a(MiAaPQ)EBC3118018 035 $a(MiAaPQ)EBC6067052 035 $a(Au-PeEL)EBL3118018 035 $a(CaPaEBR)ebr10256088 035 $a(OCoLC)922967940 035 $a(Au-PeEL)EBL6067052 035 $a(EXLCZ)991000000000541951 100 $a20070918d2008 uy 0 101 0 $aeng 135 $aurcn||||||||| 181 $ctxt 182 $cc 183 $acr 200 14$aThe muse of the revolution$b[electronic resource] $ethe secret pen of Mercy Otis Warren and the founding of a nation /$fNancy Rubin Stuart 210 $aBoston $cBeacon Press$dc2008 215 $a1 online resource (328 p.) 300 $aBibliographic Level Mode of Issuance: Monograph 311 $a0-8070-5516-6 320 $aIncludes bibliographical references (p. 287-297) and index. 327 $aDaughter of liberty -- Conscience of the Revolution -- The patriot historian -- Penwoman to posterity. 606 $aWomen historians$zUnited States$vBiography 607 $aUnited States$xHistory$yRevolution, 1775-1783$xWomen 608 $aElectronic books. 615 0$aWomen historians 676 $a973.3/092 676 $aB 700 $aRubin Stuart$b Nancy$f1944-$01051649 801 0$bMiAaPQ 801 1$bMiAaPQ 801 2$bMiAaPQ 906 $aBOOK 912 $a9910453829403321 996 $aThe muse of the revolution$92482307 997 $aUNINA